| 000 | 00806nam a2200289Ia 4500 | ||
|---|---|---|---|
| 003 | OSt | ||
| 005 | 20221007110550.0 | ||
| 006 | a|||||r|||| 00| 0 | ||
| 007 | ta | ||
| 008 | 221006b |||||||| |||| 00| 0 eng d | ||
| 020 | _a0131930370 | ||
| 024 | _a21,354 | ||
| 037 | _cTextual | ||
| 040 |
_aLCO _cLCO _beng |
||
| 041 |
_2eng _aeng |
||
| 082 | _aY:45:5(X), L7 | ||
| 100 | _aGibbons Don C. | ||
| 245 | 0 | _aCriminal Justice Planning | |
| 260 |
_aNew _bJersey Prentice Hall, Inc. U.S.A. _c1977 |
||
| 300 | _a195 | ||
| 500 | _aAn Introduction | ||
| 650 |
_aCRIMINAL JUSTICE _9695785 |
||
| 700 |
_a Thimm Joseph L. _9707643 |
||
| 700 |
_a Yospe Florence _9707644 |
||
| 942 |
_hY:45:5(X), L7 _cTEXL |
||
| 999 |
_c1190917 _d1190917 |
||